000 00488nam a2200169Ia 4500
999 _c20453
_d20453
003 OSt
005 20200707132246.0
008 190216s9999||||xx |||||||||||||| ||und||
020 _a8185199493
040 _coclc
082 _a958
_bDAN/N
100 _aDani, Ahmad Hasan
_93616
245 0 _aNew Light On Central Asia /
_cAhmad Hasan Dani
260 _bRenaissance Publishing House,
_c1993.
_aDelhi:
300 _a208p
942 _cBK
_2ddc
_h958
_iDAN/N
_k958
_mDAN/N